00985nam a2200217Ia 4500008004100000020001500041041001200056082001600068100002000084245007000104250000800174260002500182300000800207650001200215700001800227942000700245999001500252952017000267952015900437952017100596221030s9999 xx 000 0 und d a0070995427 aEnglish a105.23bRic aF. K. Richtmyer 0aIntroduction to Modern Physicscby F. K. Richtmyer, E. H. Kennard a6th bTMHaNew Delhic1999 a767 aPhysics aE. H. Kennard cBK c2513d2513 pBE 1353g195.00l0o105.23 Ricr2024-06-13 00:00:00w2022-10-30yBK003Print4070aMIETLIBbMIETLIBcBL-Academic Block C, FL-2, CUP-8, SH-3, R-3d2000-04-2710HBE pBE 1352g195.00l0o105.23 Ricr2024-06-13 00:00:00w2022-10-30yBK003Print4070aMIETLIBbMIETLIBcBL-First, FL-1, CUP-8, SH-5, R-5d2000-04-2710HBE pBE 1356g195.00l0o105.23 Richr2024-06-13 00:00:00w2022-10-30yBK003Print4070aMIETLIBbMIETLIBcBL-Academic Block C, FL-2, CUP-8, SH-4, R-4d2000-04-2710HBE